| 000 | 00960nas a2200277 4500 | ||
|---|---|---|---|
| 001 | 114098 | ||
| 003 | DR-UNIBE | ||
| 005 | 20250922113144.0 | ||
| 008 | 250922b2022 dr ||||| |||| 00| 0 spa d | ||
| 022 | _a2960-7531 | ||
| 040 |
_aBiblioteca UNIBE _cBiblioteca UNIBE |
||
| 041 | _aspa | ||
| 082 |
_222 _aPP-RD 610.72 R454m |
||
| 245 | 0 | 0 | _aRevista médico-científica defensa en salud |
| 260 |
_aSanto Domingo : _bHospital Universitario Docente Central de las Fuerzas Armadas, _c2022 |
||
| 300 |
_avolúmenes : _bilustraciones, gráficos ; _c28 cm |
||
| 310 | _aSemestral | ||
| 362 | _aVolumen 2, número 1 (julio-diciembre 2024) | ||
| 650 | 7 |
_2lemb _aMedicina _xInvestigaciones _9199361 |
|
| 650 | 7 |
_2lemb _aSalud _xInvestigaciones _9199362 |
|
| 650 | 7 |
_2lemb _aCiencias médicas _xInvestigaciones _9199363 |
|
| 650 | 7 |
_2lemb _aInvestigación científica |
|
| 653 | _aCiencias de la salud | ||
| 655 | 7 |
_2lemb _aPublicaciones periódicas |
|
| 942 |
_2ddc _cCR |
||
| 999 |
_c114098 _d114098 |
||